New Zealand Cricket Captains - Statistics

General Stats
  • This quiz has been taken 318 times
    204 since last reset
  • The average score is 17 of 30
Answer Stats
seasons captain % Correct
2016- Kane Williamson
98%
2011-13 Ross Taylor
88%
1996-2007 Stephen Fleming
87%
2012-16 Brendon McCullum
86%
1986-88 Jeff Crowe
82%
1990-94 Martin Crowe
82%
2007-11 Daniel Vettori
81%
2019- Tom Latham
80%
1945-51 Walter Hadlee
79%
1987-90 John Wright
67%
1984-87 Jeremy Coney
63%
1955-65 John Reid
63%
1975-77 Glenn Turner
59%
1990-91 Ian Smith
59%
1992-95 Ken Rutherford
59%
1979-85 Geoff Howarth
57%
1971-75 Bevan Congdon
54%
1995-97 Lee Germon
54%
1951-54 Bert Sutcliffe
52%
1977-81 Mark Burgess
49%
1998-99 Dion Nash
47%
1967-72 Graham Dowling
42%
1976-77 John Parker
42%
1929-31 Tom Lowry
37%
1931-37 Curly Page
34%
1953-55 Geoff Rabone
30%
1952-53 Merv Wallace
30%
1965-68 Barry Sinclair
26%
1955-56 Harry Cave
25%
1965-66 Murray Chapple
16%
No matching quizzes found
Score Distribution
Percent of People with Each Score
Percentile by Number Answered
Your Score History
You have not taken this quiz since the last reset